Catalog

Record Details

Catalog Search



Kat nepočká  Cover Image Book Book

Kat nepočká / Norbert Frýd

Summary:

Novela z doby okupace o případu filmové herečky, která pro náhodnou pomoc, poskytnutou ilegálnímu pracovníkovi, je zatčena a zaplatí svůj čin životem

Record details

  • Physical Description: 118 s. : il. ; 21 cm
  • Edition: 1. vyd.
  • Publisher: Praha : Československý spisovatel, 1958

Content descriptions

General Note:
20000 výt.

Available copies

  • 1 of 1 copy available at Common Catalog SPOK.

Holds

  • 0 current holds with 1 total copy.
Show Only Available Copies
Location Call Number / Copy Notes Barcode Shelving Location Status Due Date
The Jewish community of Prague K 1523 4638301985 K - Beletrie Available -

Electronic resources

Version of Resource: Digitalizovaný dokument


LDR 00943nam a22002531 4500
00153809
003CZ-PrJAB
00520120423111709.0
007ta
008980812s1958 xr a 000 1 cze
015 . ‡acnb000683330
020 . ‡q(Váz.) : ‡cKčs 9,80
035 . ‡a(CZ PrNK)cpk20050683330
040 . ‡aABA001 ‡bcze ‡cKLG001 ‡dABA001
1001 . ‡aFrýd, Norbert, ‡d1913-1976 ‡7jk01032074 ‡4aut
24510. ‡aKat nepočká / ‡cNorbert Frýd
250 . ‡a1. vyd.
260 . ‡aPraha : ‡bČeskoslovenský spisovatel, ‡c1958 ‡f(Mír 2)
300 . ‡a118 s. : ‡bil. ; ‡c21 cm
500 . ‡a20000 výt.
520 . ‡aNovela z doby okupace o případu filmové herečky, která pro náhodnou pomoc, poskytnutou ilegálnímu pracovníkovi, je zatčena a zaplatí svůj čin životem
85641. ‡uhttp://krameriusndk.nkp.cz/search/handle/uuid:5ce9d250-dd61-11e2-9923-005056827e52 ‡yDigitalizovaný dokument
910 . ‡aABE461
995 . ‡aska
964 . ‡aČSR okupovaná - novely
901 . ‡a53809 ‡bAUTOGEN ‡c53809 ‡tbiblio

Additional Resources